000 00611nam a2200181Ia 4500
008 100921s9999 xx 000 0 und d
082 _b20088
_a891.463 थ 86
100 _aप्रीतम अमृता,अनु.जोशी पद्माकर.
245 _aकामिनी.
260 _bश्रीविद्या प्रकाशन, पुणे.
_c1986
300 _a90
_b---
365 _b30
520 _aललित-कादंबरी.
630 _aकामिनी.
650 _aललित-कादंबरी.
730 _aकामिनी.
942 _cBOOK
999 _c769201
_d769198